Taylor Swift - Paroles Never Grow up - Statistiques

Statistiques générales
  • Ce quiz a été pris 25 fois
  • Le résultat moyen est 328 sur 439
Statistiques - réponses
Hint Réponse % Correct
I
100%
a
92%
around
92%
Around
92%
in
92%
in,
92%
In
92%
little
92%
my
92%
Pré-refrain To
92%
to
92%
you
92%
you,
92%
You
92%
Couplet 1 Your
92%
your
92%
And
85%
and
85%
darlin',
85%
do
85%
don't
85%
Don't
85%
ever
85%
for
85%
grow
85%
It
85%
it
85%
Just
85%
just
85%
never
85%
Post-refrain Never
85%
(never
85%
Outro | Refrain Oh,
85%
oh
85%
Oh
85%
on
85%
so
85%
So
85%
stay
85%
this
85%
up
85%
up)
85%
all
77%
be
77%
could
77%
Could
77%
everything
77%
finger
77%
grown
77%
hand's
77%
have
77%
I'd
77%
it's
77%
It's
77%
of
77%
off
77%
Remember
77%
remember
77%
simple
77%
that
77%
the
77%
too
77%
try
77%
wanna
77%
when
77%
Refrain Wish
77%
wish
77%
you're
77%
Couplet 2 You're
77%
am
69%
drop
69%
favorite
69%
footsteps,
69%
gettin'
69%
gone
69%
gonna
69%
got
69%
If
69%
like
69%
me
69%
new
69%
no
69%
said
69%
someday
69%
tonight
69%
words
69%
big
62%
brother's
62%
can't
62%
car
62%
city,
62%
colder
62%
everything's
62%
her
62%
here
62%
movies
62%
night
62%
nothing
62%
one
62%
ready
62%
realized
62%
regret
62%
room
62%
school
62%
still
62%
way
62%
world
62%
wrapped
62%
break
54%
Pré-refrain But
54%
dad
54%
dropped
54%
even
54%
funny
54%
getting
54%
give
54%
heart
54%
home
54%
honey
54%
hurt
54%
is
54%
much
54%
older
54%
out
54%
she's
54%
songs
54%
they
54%
though
54%
turn
54%
would
54%
apartment
46%
At
46%
dance
46%
droppin'
46%
gets
46%
let
46%
light
46%
lose
46%
make
46%
nobody
46%
own
46%
Bridge Take
46%
than
46%
thought
46%
wait
46%
want
46%
what
46%
will
46%
won't
46%
Won't
46%
'cause
38%
childhood
38%
desert
38%
mind
38%
mom's
38%
mortified
38%
move
38%
myself
38%
pictures
38%
quiet
38%
there's
38%
tuck
38%
call
31%
fourteen,
31%
nightlight
31%
one's
31%
PJs
31%
Please
31%
shots
31%
sounded
31%
block
23%
burned
23%
dreamin'
23%
flutter
23%
left
23%
Memorize
23%
scarred
23%
eyelids
15%
Nothing's
15%
Aucun quiz correspondant
Distribution des résultats
% des personnes avec chaque résultat
Percentile par nombre de réponses
Votre historique - résultats
Vous n’avez pas pris ce quiz